Biblioteca y Centro de Documentación

Dictamen 12/2010, sobre el Proyecto de Real Decreto por el que se establece el Marco Español de Cualificaciones para la Educación superior (Registro nro. 44091)

Detalles MARC
000 -CABECERA
Longitud fija campo de control 01353nam a2200349 c 4500
001 - NÚMERO DE CONTROL
Número de control 44091
003 - IDENTIFICADOR DE NÚMERO DE CONTROL
Identificador del número de control ES-MaCES
005 - FECHA Y HORA DE LA ÚLTIMA TRANSACCIÓN
Fecha y hora de la última transacción 20210721182336.0
007 - PHYSICAL DESCRIPTION FIXED FIELD--GENERAL INFORMAT
Campo fijo de descripción física cr |||||||||||
008 - CAMPO FIJO DE DESCRIPCIÓN FIJA--INFORMACIÓN GENERAL
Códigos de información de longitud fija   101229s2010 sp |||||||||||00||0 spa|d
035 ## - NÚMERO DE CONTROL DEL SISTEMA
Número de control del sistema 0008600000250
040 ## - FUENTE DE CATALOGACIÓN
Centro catalogador de origen ES-MaCES
Lengua de catalogación spa
Centro transcriptor ES-MaCES
245 00 - MENCIÓN DE TÍTULO
Título Dictamen 12/2010, sobre el Proyecto de Real Decreto por el que se establece el Marco Español de Cualificaciones para la Educación superior
300 ## - DESCRIPCIÓN FÍSICA
Extensión 6 p. (67,68 kb)
593 ## - CES. DATOS DICTAMEN
Comisión de trabajo Salud, Consumo, Asuntos Sociales, Educación y Cultura
Identificador D-012-2010
Fecha dictamen 20101130
Tipo trámite Ordinaria
Tipo sesión Pleno ordinario
Votos aprobados Presentes 45: 41 sí, 0 no, 2 abs.
650 #4 - ASIENTO SECUNDARIO DE MATERIA--TÉRMINO DE MATERIA
Término de materia o nombre geográfico como elemento inicial régimen jurídico
9 (RLIN) 29894
650 #4 - ASIENTO SECUNDARIO DE MATERIA--TÉRMINO DE MATERIA
Término de materia o nombre geográfico como elemento inicial España
9 (RLIN) 26964
650 #4 - ASIENTO SECUNDARIO DE MATERIA--TÉRMINO DE MATERIA
Término de materia o nombre geográfico como elemento inicial análisis de calificaciones
9 (RLIN) 29964
650 #4 - ASIENTO SECUNDARIO DE MATERIA--TÉRMINO DE MATERIA
Término de materia o nombre geográfico como elemento inicial equivalencia de certificados
9 (RLIN) 29943
650 #4 - ASIENTO SECUNDARIO DE MATERIA--TÉRMINO DE MATERIA
Término de materia o nombre geográfico como elemento inicial certificación ocupacional
9 (RLIN) 29930
650 #4 - ASIENTO SECUNDARIO DE MATERIA--TÉRMINO DE MATERIA
Término de materia o nombre geográfico como elemento inicial calificación profesional
9 (RLIN) 28319
650 #4 - ASIENTO SECUNDARIO DE MATERIA--TÉRMINO DE MATERIA
Término de materia o nombre geográfico como elemento inicial graduado universitario
9 (RLIN) 27443
650 #4 - ASIENTO SECUNDARIO DE MATERIA--TÉRMINO DE MATERIA
Término de materia o nombre geográfico como elemento inicial enseñanza superior
9 (RLIN) 27379
650 #4 - ASIENTO SECUNDARIO DE MATERIA--TÉRMINO DE MATERIA
9 (RLIN) 27434
Término de materia o nombre geográfico como elemento inicial universidad
653 10 - TÉRMINO DE INDEXACIÓN--NO CONTROLADO
Término no controlado Educación
700 1# - ENCABEZAMIENTO SECUNDARIO--NOMBRE PERSONAL
Nombre de persona Fontecha López, Almudena
Término indicativo de función ponente
9 (RLIN) 12266
710 1# - ENCABEZAMIENTO SECUNDARIO--NOMBRE CORPORATIVO
Nombre de entidad o nombre de jurisdicción como elemento inicial España
Unidad subordinada Ministerio de Educación
Término indicativo de función solicitante
9 (RLIN) 3238
856 ## - ACCESO ELECTRÓNICO
Identificador Uniforme del Recurso (URI) <a href="http://www.ces.es/documents/DIC/2010/12">http://www.ces.es/documents/DIC/2010/12</a>
Texto del enlace texto completo
902 ## - CES. TIPO DE DOCUMENTO
Tipodoc (006$c Sirtex) Dictamen CES
942 ## - ELEMENTOS KOHA
Fuente de clasificaión o esquema Clasificación propia del CES
Koha [por defecto] tipo de item Dictámenes/Informes/Memorias CES
Parte de clasificación Educación

No hay ítems disponibles.

© CES, Consejo Económico y Social de España 2021